Normal view
MARC view
Entry Personal Name
001 - CONTROL NUMBER
- control field: 15062
003 - CONTROL NUMBER IDENTIFIER
- control field: OSt
005 - DATE AND TIME OF LATEST TRANSACTION
- control field: 20240531125511.0
008 - FIXED-LENGTH DATA ELEMENTS
- fixed length control field: 240531|| aca||aabn | a|a d
040 ## - CATALOGING SOURCE
- Original cataloging agency: OSt
- Transcribing agency: OSt
100 ## - HEADING--PERSONAL NAME
- Personal name: Gogia, Jwiat
670 ## - SOURCE DATA FOUND
- Source citation: Work cat.: (OSt)39437: Gogia, Jwiat, Ninty-Nine Short Stories, 1968.


